mysqli: Table './ulib62015/stat_globaluid' is marked as crashed and should be repaired
select id from stat_globaluid where statuid='20260517223426_2476'
mysqli: Table './ulib62015/stat_globaluid' is marked as crashed and should be repaired
DELETE FROM stat_globaluid
WHERE id NOT IN (
SELECT id
FROM (
SELECT id
FROM stat_globaluid
ORDER BY id DESC
LIMIT 100
) foo
);
mysqli: Table './ulib62015/stat_globaluid' is marked as crashed and should be repaired
insert into stat_globaluid set
statuid='20260517223426_2476',
dt='1779032066',
phpself='/ULIB62015/dublinfull.php',
agent='Mozilla/5.0 AppleWebKit/537.36 (KHTML, like Gecko; compatible; ClaudeBot/1.0; +claudebot@anthropic.com)',
yea='2026',
mon='5',
dat='17',
ip='216.73.216.45'
mysqli: Table './ulib62015/stathist_viewbib_bib_type' is marked as crashed and should be repaired
insert into stathist_viewbib_bib_type set
dat='17' ,
mon='05' ,
yea='2026' ,
statuid='20260517223426_2476' ,
head='32247' ,
foot='marc' ,
dt='1779032066'
| LEADER : 01174nam 2200277 a 4500 |
| 008 030417s2553 caua sb 001 0 eng |
| 060 ^aส111ค ล.8/ฉ3 |
| 082 ^aรส |
| 100 ^aสำนักพิมพ์แจ่มใส |
| 245 ^aความรู้สึกดี ...ที่เรียกว่ารัก 8 |
| 945 ^p0^l0^i012427 |
| 999 ^aKey new Using ULIBM easy add form |
| คุณยังไม่ได้ล็อกอิน คุณสามารถมีกิจกรรมร่วมกับเว็บไซต์ได้ แต่ต้องล็อกอินก่อน :: |
|
|
|
| ลำดับที่ |
ประเภท |
เลขเรียก/บาร์โค้ด |
สถานที่ |
สถานะ |
| 1. |
 นวนิยาย | รส 2553 Barcode: 012427 | นวนิยาย | บนชั้น ขอยืม |
รายการใกล้เคียง
ผู้แต่ง [สำนักพิมพ์แจ่มใส]
|
|
ยังไม่เคยถูกคอมเมนท์
|
| คอมเมนท์ทรัพยากรรายการนี้ |
|